Pelagic and semi-pelagic trawling gear

Guardat en:
Dades bibliogràfiques
Autor principal: John Garner
Format: Llibre
Idioma:Undetermined
Publicat: Surrey, Eng Fishing News Books 1978
Matèries:
Etiquetes: Afegir etiqueta
Sense etiquetes, Sigues el primer a etiquetar aquest registre!
Thư viện lưu trữ: Trung tâm Học liệu Trường Đại học Cần Thơ
LEADER 00483nam a2200181Ia 4500
001 CTU_58198
008 210402s9999 xx 000 0 und d
082 |a 639.22028 
082 |b G234 
100 |a John Garner 
245 0 |a Pelagic and semi-pelagic trawling gear 
245 0 |c John Garner 
260 |a Surrey, Eng 
260 |b Fishing News Books 
260 |c 1978 
650 |a trawls and trawling 
904 |i Minh 
980 |a Trung tâm Học liệu Trường Đại học Cần Thơ